000 00542nam a2200193 a 4500
001 1777626161570
003 YourLibrary
005 20260501143358.0
008 260501s1998##################000#0#eng##
020 _a9781858983653
082 0 4 _a388.11
_bBUT
100 1 _aButton, Kenneth,
_eauthor.
245 1 0 _aRoad Pricing, Traffic Congestion and the Environment :
260 _bEdward Elgar Publishing,
_c1998.
300 _a344 pages
650 0 _aBusiness & Economics.
942 _cENGLISH
040 _aYourLibrary
_beng
_cYourLibrary
999 _c621727
_d621727